Une politique industrielle pour l'Europe
Saved in:
| Main Author: | |
|---|---|
| Format: | Book |
| Language: | Undetermined |
| Published: |
Paris
Presses Universitaires de France
1974
|
| Subjects: | |
| Tags: |
Add Tag
No Tags, Be the first to tag this record!
|
| Institutions: | Trung tâm Học liệu Trường Đại học Cần Thơ |
|---|
| LEADER | 00512nam a2200181Ia 4500 | ||
|---|---|---|---|
| 001 | CTU_78461 | ||
| 008 | 210402s9999 xx 000 0 und d | ||
| 082 | |a 338.927 | ||
| 082 | |b T723 | ||
| 100 | |a Toulemon, Robert | ||
| 245 | 0 | |a Une politique industrielle pour l'Europe | |
| 245 | 0 | |c Robert Toulemon, Jean Flory | |
| 260 | |a Paris | ||
| 260 | |b Presses Universitaires de France | ||
| 260 | |c 1974 | ||
| 650 | |a Industrial policy | ||
| 650 | |z Europe | ||
| 980 | |a Trung tâm Học liệu Trường Đại học Cần Thơ | ||